00800nam a22001337a 4500008004100000020001800041082001400059100002100073245010100094260005900195300003600254500014300290650023300433190813b ||||| |||| 00| 0 eng d a9780816624379 a338.1 FER aFerguson, James. aThe anti-politics machine : b"development," depoliticization, and bureaucratic power in Lesotho aMinneapolis : bUniversity of Minnesota Press, c1994. axvi, 320 p. :b ill. ; c23 cm. aOriginally published: Cambridge ; New York : Cambridge University Press, 1990. Includes bibliographical references (p. 304-313) and index. a Thaba Tseka Rural Development Program. Rural development projects--Lesotho--Case studies. Bureaucracy--Lesotho. Decentralization in government--Lesotho. Lesotho--Economic conditions--1966- Lesotho--Politics and government--1966